Le monde gréco-romain au temps de notre-seigneur

Salvato in:
Dettagli Bibliografici
Autori principali: Festugière, A. J (Autore), Fabre, Pierre (Autore)
Natura: Libro
Lingua:francese
Pubblicazione: París Bloud and Gay 1935
Serie:Bibliothèque Cathaolique des Sciences Religieuses
Soggetti:
Tags: Aggiungi Tag
Nessun Tag, puoi essere il primo ad aggiungerne!!

MARC

LEADER 00000nam a2200000 a 4500
001 UCP9686
003 CL-VaPUC
008 000331e19350000FR |||||||||||||||||fre|d
082 0 4 |a 938.09  |b FES  |2 21 
100 0 |a Festugière, A. J  |e author  |9 440427 
700 0 |a Fabre, Pierre  |e author  |9 440428 
245 1 3 |a Le monde gréco-romain au temps de notre-seigneur 
300 |a 2 v 
942 |c BK 
945 |d 20000331 00:00:00  |a rherrera 
260 |a París  |b Bloud and Gay  |c 1935 
500 |a v.1: La Cadre Temporale 
500 |a v.2: Le Milieu Spirituel 
650 0 |a Historia antigua  |9 267521 
650 0 |a Cristianismo  |9 257361 
650 0 |a Ciudades  |9 265474 
650 0 |a Arte griego  |9 267884 
650 0 |a Vida social  |9 337244 
650 0 |a Religión griega  |9 440084 
651 0 |a Grecia  |9 265314 
651 0 |a Roma   |9 255106 
583 |a last modification  |c 20180417 03:19:38  |k Rodrigo Vera 
490 0 |a Bibliothèque Cathaolique des Sciences Religieuses 
999 |c 286474  |d 286472 
952 |0 0  |1 0  |4 0  |6 938_090000000000000_FES_1935  |7 0  |8 X  |9 332435  |a BIBHIS  |b BIBHIS  |d 2019-11-20  |h v.1  |i 1260715  |o 938.09 FES 1935  |p 1260715  |r 2024-01-30  |w 2019-11-20  |y BK_X  |k HIS 
952 |0 0  |1 0  |4 0  |6 938_090000000000000_FES_1935  |7 0  |8 X  |9 332436  |a BIBHIS  |b BIBHIS  |d 2019-11-20  |h v.2  |i 1260707  |o 938.09 FES 1935  |p 1260707  |r 2024-01-30  |w 2019-11-20  |y BK_X  |k HIS